| 000 | 00589nam a2200121Ia 4500 | ||
|---|---|---|---|
| 008 | 220615s9999||||xx |||||||||||||| ||und|| | ||
| 100 | _aEller, Anne | ||
| 245 | 0 |
_aWe Dream Together _bDominican Independence, Haiti, and the Fight for Caribbean Freedom |
|
| 546 | _aEnglish[eng] | ||
| 650 | _aHistory||Cuba||Dominican Order||Haiti||Puerto Plata||Dominican Republic||Santana (band)||Santo Domingo||Spain||Spaniards||United States | ||
| 856 | _uhttps://library.oapen.org/bitstream/20.500.12657/45653/3/625290.pdf||https://library.oapen.org/bitstream/20.500.12657/31744/3/625290.pdf | ||
| 942 | _cEB | ||
| 999 |
_c7836 _d7836 |
||